Chính sách thương mại trong điều kiện hội nhập
Zapisane w:
| 1. autor: | |
|---|---|
| Format: | Książka |
| Wydane: |
Chính trị quốc gia
2001
|
| Etykiety: |
Dodaj etykietę
Nie ma etykietki, Dołącz pierwszą etykiete!
|
| Thư viện lưu trữ: | Mạng thư viện Đại học Đà Nẵng |
|---|
| LEADER | 00607nam a2200229 a 4500 | ||
|---|---|---|---|
| 001 | 000029861 | ||
| 003 | 12265 | ||
| 005 | 20171030145630.0 | ||
| 008 | 171030s2001 | ||
| 020 | |c 20000 | ||
| 040 | |a LTT | ||
| 082 | 0 | |a 380.13 |b HO-T | |
| 100 | 1 | |a Hoàng Đức Thân | |
| 245 | 0 | 0 | |a Chính sách thương mại trong điều kiện hội nhập |c Hoàng Đức Thân (Chủ biên) |
| 260 | |b Chính trị quốc gia |c 2001 | ||
| OWN | |a LTT | ||
| 999 | |a From the UDN01 | ||
| TYP | |a Monograph | ||
| TYP | |a Printed language | ||
| 980 | |a Mạng thư viện Đại học Đà Nẵng | ||